| 000 | 00800nam a2200205 i 4500 | ||
|---|---|---|---|
| 001 | bg | ||
| 245 | 0 |
_aEnvironmental biology of European cyprinids : _bpapers from the workshop on "The Environmental Biology of Cyprinids" held at the University of Salzburg, Austria, in September 1989 / _cguest editors Wolfgang Wieser [et al.]. |
|
| 260 |
_aDordrecht [et al.] : _bKluwer Academic, _c1992. |
||
| 300 |
_a233 s. : _bfot., rys., wykr. ; _c27 cm. |
||
| 490 | 1 |
_aDevelopments in Environmental Biology of Fishes ; _v13 |
|
| 700 | 1 |
_aWIESER, Wolfgang. _eed. |
|
| 830 | _aDevelopments in Environmental Biology of Fishes ; | ||
| 020 | _a0792314840 | ||
| 040 | _cBPK | ||
| 041 | _apol | ||
| 080 | _a574:597](061.3) | ||
| 920 | _a0-7923-1484-0 | ||
| 942 | _cKS | ||
| 008 | s pl f |000 0 pol | ||
| 999 |
_c29830 _d29830 |
||
| 856 |
_uhttp://koha.tu.koszalin.pl/cgi-bin/koha/opac-detail.pl?biblionumber=29830 _yKatalog online BPK |
||